[Event "Titled Tue 17th Jun Early"]
[Site "chess.com INT"]
[Date "2025.06.17"]
[Round "7"]
[White "Chiang, Jacob"]
[Black "Shukhman, Anna"]
[Result "1-0"]
[BlackTitle "WGM"]
[WhiteElo "2006"]
[BlackElo "2413"]
[WhiteFideId "30962331"]
[BlackFideId "54180058"]
[EventDate "2025.06.17"]

1. c4 Nf6 2. Nc3 d5 3. cxd5 Nxd5 4. g3 g6 5. Bg2 Nxc3 6. bxc3 Nc6 7. Nf3 Bg7 8.
O-O O-O 9. Rb1 Bf5 10. Rxb7 Rb8 11. Rxb8 Qxb8 12. d4 Rd8 13. Qa4 Qb6 14. Be3 Na5
15. h3 Be4 16. d5 Qd6 17. Qxe4 Bxc3 18. Bxa7 Qxd5 19. Qxe7 Rd7 20. Qe8+ Kg7 21.
Ne5 Rd8 22. Bxd5 Rxe8 23. Nxf7 c6 24. Nd6 Rd8 25. Ne4 Be5 26. Bb3 1-0

[Event "Titled Tue 17th Jun Early"]
[Site "chess.com INT"]
[Date "2025.06.17"]
[Round "7"]
[White "Smirnov, Mark"]
[Black "Jasinski, Alexander"]
[Result "1-0"]
[WhiteTitle "FM"]
[WhiteElo "2352"]
[BlackElo "1989"]
[WhiteFideId "13764594"]
[BlackFideId "55627994"]
[EventDate "2025.06.17"]

1. e4 c5 2. Nf3 d6 3. Bb5+ Bd7 4. Bxd7+ Nxd7 5. O-O Ngf6 6. Qe2 g6 7. b3 Bg7 8.
Bb2 O-O 9. d4 cxd4 10. Nxd4 a6 11. c4 Rc8 12. Nc3 Qa5 13. Rac1 e6 14. Rfd1 Rfd8
15. Nc2 Qc7 16. Rd2 Nc5 17. Rcd1 Qc6 18. e5 Nfe4 19. Nxe4 Nxe4 20. Nd4 Qb6 21.
Qxe4 dxe5 22. Nf3 Rxd2 23. Rxd2 f5 24. Qe3 Qxe3 25. fxe3 e4 26. Bxg7 Kxg7 27.
Ng5 e5 28. Rd7+ Kf6 29. h4 1-0

[Event "Titled Tue 17th Jun Early"]
[Site "chess.com INT"]
[Date "2025.06.17"]
[Round "7"]
[White "Goodrich, Elliott"]
[Black "Zieba, Hubert"]
[Result "0-1"]
[BlackTitle "CM"]
[WhiteElo "2019"]
[BlackElo "2233"]
[WhiteFideId "39902064"]
[BlackFideId "21844704"]
[EventDate "2025.06.17"]

1. e4 c5 2. Nf3 Nc6 3. d4 cxd4 4. Nxd4 g6 5. Nc3 Bg7 6. Be3 Nf6 7. Bc4 O-O 8.
Bb3 d6 9. f3 Bd7 10. Qd2 Qa5 11. h4 Rfc8 12. g4 Ne5 13. h5 Nc4 14. Bxc4 Rxc4 15.
hxg6 fxg6 16. Nb3 Qa6 17. e5 Ne8 18. Qh2 Rxc3 19. bxc3 dxe5 20. Qxh7+ Kf8 21.
Qxg6 Qxg6 22. Nc5 Bc6 23. O-O-O b6 24. Nd3 Nd6 25. Rdf1 Nc4 26. Rhg1 Nxe3 0-1

[Event "Titled Tue 17th Jun Early"]
[Site "chess.com INT"]
[Date "2025.06.17"]
[Round "7"]
[White "Hobaica, Juan Pablo"]
[Black "Bacus, Dharim"]
[Result "0-1"]
[WhiteTitle "IM"]
[BlackTitle "FM"]
[WhiteElo "2386"]
[BlackElo "2131"]
[WhiteFideId "104159"]
[BlackFideId "5201527"]
[EventDate "2025.06.17"]

1. e4 e5 2. Nf3 Nc6 3. Bb5 Nf6 4. d3 Bc5 5. O-O d6 6. d4 exd4 7. Nxd4 Bd7 8.
Bxc6 bxc6 9. Nc3 a5 10. Bf4 O-O 11. e5 Bg4 12. Qd3 Nh5 13. Nxc6 Nxf4 14. Qc4 Qg5
15. h4 Be6 16. Qe4 Qxh4 0-1

[Event "Titled Tue 17th Jun Early"]
[Site "chess.com INT"]
[Date "2025.06.17"]
[Round "7"]
[White "Williams, Simon K"]
[Black "Cardozo Munar, Carlos Eduardo"]
[Result "1-0"]
[WhiteTitle "GM"]
[BlackTitle "FM"]
[WhiteElo "2444"]
[BlackElo "2052"]
[WhiteFideId "404454"]
[BlackFideId "4409477"]
[EventDate "2025.06.17"]

1. e4 e6 2. Nf3 d5 3. e5 c5 4. b4 cxb4 5. d4 Nc6 6. a3 f6 7. axb4 fxe5 8. Nxe5
Nxe5 9. dxe5 Bxb4+ 10. c3 Bc5 11. Bd3 g6 12. h4 Ne7 13. h5 Qb6 14. Qg4 Bxf2+ 15.
Kd1 Qb3+ 16. Ke2 Rf8 17. hxg6 hxg6 18. Bxg6+ Kd8 19. Bg5 Bd7 20. Bxe7+ Kxe7 21.
Qg5+ Rf6 22. Qxf6# 1-0

[Event "Titled Tue 17th Jun Early"]
[Site "chess.com INT"]
[Date "2025.06.17"]
[Round "7"]
[White "Kapra, Jerjis"]
[Black "Ivashentseva, Dominika"]
[Result "0-1"]
[BlackTitle "WCM"]
[WhiteElo "2055"]
[BlackElo "1969"]
[WhiteFideId "2640341"]
[BlackFideId "34331050"]
[EventDate "2025.06.17"]

1. e4 c5 2. Nc3 Nc6 3. Bb5 g6 4. Bxc6 bxc6 5. d3 d5 6. f4 Bg7 7. Nf3 Bxc3+ 8.
bxc3 dxe4 9. dxe4 Qxd1+ 10. Kxd1 Nf6 11. e5 Nd5 12. c4 Nb6 13. Be3 Nxc4 14. Bxc5
Bf5 15. Kc1 f6 16. exf6 exf6 17. Nd4 Kf7 18. Nxf5 gxf5 19. a4 Rhg8 20. g3 Rge8
21. a5 a6 22. Ra4 Re4 23. Rd1 Rb8 24. c3 Rb5 25. Bd4 Nb2 26. Rb4 Rxb4 27. cxb4
Nxd1 0-1

[Event "Titled Tue 17th Jun Early"]
[Site "chess.com INT"]
[Date "2025.06.17"]
[Round "7"]
[White "Donchenko, Alexander"]
[Black "Jake Shanty"]
[Result "1-0"]
[WhiteTitle "GM"]
[BlackTitle "FM"]
[WhiteElo "2613"]
[BlackElo "2252"]
[WhiteFideId "24603295"]
[BlackFideId "33478066"]
[EventDate "2025.06.17"]

1. d4 d5 2. c4 dxc4 3. Nf3 Nf6 4. e3 e6 5. Bxc4 a6 6. O-O c5 7. Nc3 cxd4 8. exd4
Be7 9. Re1 O-O 10. Bf4 b5 11. Bb3 Bb7 12. Rc1 Nbd7 13. Ne5 Nxe5 14. dxe5 Nd7 15.
Bc2 Nb6 16. Qh5 g6 17. Qh6 Nd5 18. Rcd1 Qc7 19. Rxd5 Bxd5 20. Re3 f5 21. exf6
Bd6 22. Bxd6 Qxd6 23. Qg7# 1-0

[Event "Titled Tue 17th Jun Early"]
[Site "chess.com INT"]
[Date "2025.06.17"]
[Round "7"]
[White "Chylewski, Patryk"]
[Black "Nayak, Rajesh"]
[Result "1-0"]
[WhiteTitle "IM"]
[BlackTitle "FM"]
[WhiteElo "2313"]
[BlackElo "2262"]
[WhiteFideId "1186191"]
[BlackFideId "35017152"]
[EventDate "2025.06.17"]

1. c4 c5 2. Nc3 Nf6 3. Nf3 d5 4. cxd5 Nxd5 5. d4 cxd4 6. Qxd4 Nxc3 7. Qxc3 Nc6
8. a3 Bf5 9. g3 Rc8 10. Bg2 e6 11. O-O Qf6 12. Qb3 Bc5 13. Qxb7 O-O 14. Bd2 Bb6
15. Bc3 e5 16. Nh4 Rc7 17. Qa6 Nd4 18. Nxf5 Nb3 19. Qd3 Rd8 20. Qe4 Nxa1 21.
Rxa1 g6 22. Nh6+ Kg7 23. Bxe5 1-0

[Event "Titled Tue 17th Jun Early"]
[Site "chess.com INT"]
[Date "2025.06.17"]
[Round "7"]
[White "Shokirjonova, Barchinoy"]
[Black "Castillo Pena, Patricia Evarista"]
[Result "1-0"]
[WhiteTitle "WFM"]
[BlackTitle "WFM"]
[WhiteElo "2010"]
[BlackElo "1909"]
[WhiteFideId "14212307"]
[BlackFideId "6412106"]
[EventDate "2025.06.17"]

1. d4 d5 2. c4 c6 3. Nf3 Nf6 4. e3 e6 5. Nc3 Nbd7 6. Bd3 dxc4 7. Bxc4 b5 8. Bd3
Bb7 9. O-O a6 10. Qe2 c5 11. Rd1 Qb6 12. Ne5 Bd6 13. Nxd7 Nxd7 14. Ne4 Be7 15.
b3 cxd4 16. exd4 Nf6 17. Bb2 Nd5 18. Nc5 Nf4 19. Qg4 Nxd3 20. Rxd3 Bf6 21. Re1
O-O 22. Nd7 1-0

[Event "Titled Tue 17th Jun Early"]
[Site "chess.com INT"]
[Date "2025.06.17"]
[Round "7"]
[White "Ghosh, Chanchal Kumer"]
[Black "Khafizova, Diana"]
[Result "0-1"]
[WhiteTitle "CM"]
[BlackTitle "WFM"]
[WhiteElo "2018"]
[BlackElo "2075"]
[WhiteFideId "10201858"]
[BlackFideId "34378049"]
[EventDate "2025.06.17"]

1. e4 c6 2. Nf3 d5 3. Nc3 d4 4. Ne2 c5 5. c3 Nc6 6. cxd4 cxd4 7. Qa4 b5 8. Qxb5
Bd7 9. Nexd4 Nxd4 10. Nxd4 Nf6 11. Qd3 e5 12. Nf3 Qc7 13. Qc4 Qa5 14. Ng5 Rc8
15. Qxf7+ Kd8 16. Qb3 Bb4 17. Nf7+ Ke7 18. Nxh8 Rxc1+ 19. Rxc1 Bxd2+ 20. Ke2
Bxc1 21. Qf7+ Kd8 22. Kf3 Bg4+ 23. Kg3 Bf4+ 24. Kh4 g5# 0-1

[Event "Titled Tue 17th Jun Early"]
[Site "chess.com INT"]
[Date "2025.06.17"]
[Round "7"]
[White "Andreev, Konstantin"]
[Black "Dumanuly, Sultanbeibarys"]
[Result "1-0"]
[WhiteTitle "FM"]
[BlackTitle "FM"]
[WhiteElo "2208"]
[BlackElo "2212"]
[WhiteFideId "24239305"]
[BlackFideId "13731963"]
[EventDate "2025.06.17"]

1. e4 c5 2. Nf3 Nc6 3. Nc3 d6 4. d4 cxd4 5. Nxd4 Nf6 6. f3 e5 7. Nb3 Be7 8. Be3
O-O 9. Qd2 Be6 10. O-O-O a5 11. a4 Nb4 12. g4 Qc7 13. g5 Nd7 14. Kb1 Nc5 15.
Nxc5 dxc5 16. Nd5 Nxd5 17. exd5 Rfd8 18. c4 Qb6 19. Bd3 Bd7 20. Qc2 Kh8 21. h4
Qb4 22. Bd2 Qxa4 23. Qc3 Bd6 24. Bc2 Qb4 25. Qd3 g6 26. Bxb4 axb4 27. h5 Bf5 28.
Qe3 Ra1+ 29. Kxa1 Bxc2 30. b3 e4 31. f4 gxh5 32. Rd2 Bd3 33. Rxd3 exd3 34. Rxh5
Ra8+ 35. Kb2 Bf8 36. f5 Bg7+ 37. f6 Bf8 38. Qxd3 h6 39. g6 b5 40. gxf7 1-0

[Event "Titled Tue 17th Jun Early"]
[Site "chess.com INT"]
[Date "2025.06.17"]
[Round "7"]
[White "Wu, Derek"]
[Black "Salimova, Asal"]
[Result "1-0"]
[WhiteTitle "FM"]
[BlackTitle "WCM"]
[WhiteElo "2232"]
[BlackElo "2063"]
[WhiteFideId "30914558"]
[BlackFideId "14204940"]
[EventDate "2025.06.17"]

1. d4 Nf6 2. c4 e6 3. Nc3 Bb4 4. e3 b6 5. Ne2 c5 6. a3 cxd4 7. axb4 dxc3 8. Nxc3
O-O 9. Bd3 Bb7 10. O-O Nc6 11. b5 Ne5 12. Be2 Rc8 13. b3 d5 14. Rxa7 Rc7 15. Qd4
Ned7 16. Ba3 Nc5 17. Qd1 Qb8 18. Bxc5 Qxa7 19. Bxf8 Kxf8 20. Qd4 Rd7 21. Na4
dxc4 22. Qxb6 Qa8 23. Qc5+ Kg8 24. Nb6 Ne4 25. Qxc4 Nd2 26. Nxa8 Nxc4 27. bxc4
Bxa8 28. Ra1 Rd8 29. c5 Bd5 30. Bf3 Bc4 31. b6 f5 32. c6 Kf7 33. c7 Rc8 34. Bb7 1-0

[Event "Titled Tue 17th Jun Early"]
[Site "chess.com INT"]
[Date "2025.06.17"]
[Round "7"]
[White "Rosh, Jain"]
[Black "Nayem, Haque"]
[Result "0-1"]
[WhiteTitle "FM"]
[BlackTitle "FM"]
[WhiteElo "2299"]
[BlackElo "2180"]
[WhiteFideId "25789465"]
[BlackFideId "10217754"]
[EventDate "2025.06.17"]

1. e4 c6 2. Nf3 d5 3. Nc3 e6 4. d4 Nf6 5. e5 Nfd7 6. Ng5 a6 7. Qh5 Qe7 8. Bd3 g6
9. Qf3 Bg7 10. h4 h6 11. Nh3 c5 12. Nf4 cxd4 13. Nxg6 fxg6 14. Bxg6+ Kd8 15. Ne2
Nxe5 16. Qg3 Nxg6 17. Qxg6 Nc6 18. Bd2 Qf6 19. Qg3 e5 20. O-O-O Bf5 21. Qb3 Kc7
22. Qxd5 Rhd8 23. Qc5 Rac8 24. Ba5+ Kb8 25. Bxd8 Qxd8 26. Kb1 d3 27. cxd3 Nd4
28. Nxd4 Rxc5 29. Nxf5 Qf6 30. Ng3 Qb6 31. Ne4 Rb5 32. Rd2 a5 33. Rc1 a4 34.
Rdc2 a3 35. b3 Ka7 36. Rc4 Rxb3+ 37. Ka1 Rxd3 38. Rb1 Rd1 39. Ra4+ Kb8 0-1

[Event "Titled Tue 17th Jun Early"]
[Site "chess.com INT"]
[Date "2025.06.17"]
[Round "7"]
[White "Moroni, Luca Jr"]
[Black "Moksh, Amit Doshi"]
[Result "1-0"]
[WhiteTitle "GM"]
[BlackTitle "IM"]
[WhiteElo "2549"]
[BlackElo "2366"]
[WhiteFideId "865834"]
[BlackFideId "25064967"]
[EventDate "2025.06.17"]

1. d4 Nf6 2. Bf4 d5 3. e3 c5 4. dxc5 Nc6 5. Bb5 e6 6. b4 a5 7. c3 Be7 8. a3 O-O
9. Nd2 Bd7 10. Bxc6 Bxc6 11. Ne2 b6 12. Nd4 Be8 13. c6 b5 14. O-O Qb6 15. a4
Bxc6 16. bxa5 Rxa5 17. Rb1 Rfa8 18. axb5 Bxb5 19. c4 dxc4 20. Nxc4 Bxc4 21. Rxb6
Bxf1 22. Qxf1 e5 23. Nc6 Bc5 24. Nxa5 Bxb6 25. Nc4 1-0

[Event "Titled Tue 17th Jun Early"]
[Site "chess.com INT"]
[Date "2025.06.17"]
[Round "7"]
[White "Mihajlovskij, Sergei"]
[Black "Zebracki, Tomasz"]
[Result "1-0"]
[BlackTitle "FM"]
[WhiteElo "2292"]
[BlackElo "2230"]
[WhiteFideId "13500805"]
[BlackFideId "1181521"]
[EventDate "2025.06.17"]

1. e4 c6 2. Nf3 d5 3. Nc3 Bg4 4. h3 Bxf3 5. Qxf3 e6 6. d4 Nf6 7. Bd2 Qb6 8.
O-O-O Qxd4 9. Be3 dxe4 10. Qg3 Qb4 11. Qc7 Nbd7 12. a3 Qe7 13. Qxb7 Qd8 14. Qxc6
Bxa3 15. Nxe4 Nxe4 16. Qxe4 Be7 17. Rxd7 Kxd7 18. Bb5+ Kc8 19. Qxa8+ 1-0

[Event "Titled Tue 17th Jun Early"]
[Site "chess.com INT"]
[Date "2025.06.17"]
[Round "7"]
[White "Plat, Vojtech"]
[Black "Villa Tornero, Alex"]
[Result "0-1"]
[WhiteTitle "GM"]
[BlackTitle "FM"]
[WhiteElo "2497"]
[BlackElo "2211"]
[WhiteFideId "325740"]
[BlackFideId "54501091"]
[EventDate "2025.06.17"]

1. e4 Nf6 2. e5 Nd5 3. g3 d6 4. exd6 Qxd6 5. Bg2 Nc6 6. Ne2 Bg4 7. h3 Bxe2 8.
Qxe2 Nd4 9. Qe4 Nf6 10. Qxb7 Qe5+ 11. Kf1 Rd8 12. Na3 h5 13. c3 Qe2+ 14. Kg1
Qe1+ 15. Bf1 Ne4 16. Qxe4 Qxe4 17. cxd4 c6 18. Bg2 Qe6 19. Nc2 Qd6 20. d3 e6 21.
Bf4 Qd7 22. Rc1 Bd6 23. Ne3 O-O 24. Bxc6 Qe7 25. Bxd6 Qxd6 26. d5 h4 27. g4 exd5
28. Bxd5 Rfe8 29. Bc4 Rxe3 30. fxe3 Qg3+ 31. Kf1 Qf3+ 32. Kg1 Qxe3+ 33. Kg2 Qg3+
34. Kf1 Qf3+ 35. Kg1 Re8 36. Rh2 Qe3+ 0-1

[Event "Titled Tue 17th Jun Early"]
[Site "chess.com INT"]
[Date "2025.06.17"]
[Round "7"]
[White "Radchenko, Alexey"]
[Black "Aakash Sharadchandra, Dalvi"]
[Result "0-1"]
[WhiteTitle "FM"]
[BlackTitle "FM"]
[WhiteElo "2290"]
[BlackElo "2396"]
[WhiteFideId "4192362"]
[BlackFideId "25033220"]
[EventDate "2025.06.17"]

1. d4 Nf6 2. Nf3 d5 3. Nbd2 c5 4. e3 Nc6 5. c3 Bg4 6. Be2 e6 7. O-O Rc8 8. dxc5
Bxc5 9. b4 Bd6 10. Bb2 O-O 11. a3 a5 12. Nd4 Bxe2 13. Qxe2 Nxd4 14. exd4 Qc7 15.
Rac1 Bxh2+ 16. Kh1 Bf4 17. g3 Bxd2 18. Qxd2 Ne4 19. Qe3 Nd6 20. Kg2 Nc4 21. Qe2
Rfe8 22. Rh1 e5 23. Ba1 e4 24. Qh5 h6 25. Qxd5 e3 26. Rhe1 Re6 27. bxa5 Rce8 28.
Rb1 exf2 29. Kxf2 Rf6+ 30. Kg2 Ne3+ 31. Rxe3 Rxe3 0-1

[Event "Titled Tue 17th Jun Early"]
[Site "chess.com INT"]
[Date "2025.06.17"]
[Round "7"]
[White "Mata Gonzalez, Jose Fernando"]
[Black "Tarnowska, Aleksandra"]
[Result "1-0"]
[WhiteTitle "CM"]
[BlackTitle "WCM"]
[WhiteElo "2164"]
[BlackElo "1882"]
[WhiteFideId "5107423"]
[BlackFideId "1180967"]
[EventDate "2025.06.17"]

1. e4 c5 2. d4 cxd4 3. c3 d5 4. exd5 Qxd5 5. Nf3 e6 6. cxd4 Nf6 7. Nc3 Qd6 8. g3
Be7 9. Bf4 Qb6 10. Nb5 Na6 11. a4 Bb4+ 12. Bd2 O-O 13. Bg2 Bd7 14. Nc3 Bxc3 15.
bxc3 Ne4 16. O-O Nxd2 17. Qxd2 Rac8 18. Rfb1 Qc7 19. Ne5 Bc6 20. Nxc6 bxc6 21.
Qd3 Nb8 22. a5 Nd7 23. a6 Rb8 24. Qc4 Rfc8 25. Rxb8 Nxb8 26. Rb1 Qa5 27. Rb7
Qxa6 28. Rxb8 1-0

[Event "Titled Tue 17th Jun Early"]
[Site "chess.com INT"]
[Date "2025.06.17"]
[Round "7"]
[White "Goncharov, Vladimir"]
[Black "Troltenier, Dirk"]
[Result "1-0"]
[BlackTitle "FM"]
[WhiteElo "2077"]
[BlackElo "2174"]
[WhiteFideId "34162256"]
[BlackFideId "4606400"]
[EventDate "2025.06.17"]

1. d4 d5 2. c4 dxc4 3. e4 e5 4. Nf3 exd4 5. Bxc4 Bb4+ 6. Nbd2 Nf6 7. Bxf7+ Kxf7
8. Qb3+ Kf8 9. Qxb4+ Qe7 10. Qxe7+ Kxe7 11. Nxd4 Bd7 12. O-O Nc6 13. Nxc6+ Bxc6
14. f3 Rhd8 15. Re1 Ke8 16. Nc4 Bb5 17. Na3 Ba6 18. Bf4 c6 19. Rac1 Rd3 20. Red1
Rad8 21. Rxd3 Rxd3 22. Kf2 g6 23. Nc4 Bxc4 24. Rxc4 Rd1 25. Rc1 Rd7 26. Be3 a6
27. Ke2 Kf7 28. g4 Ke6 29. h4 Ne8 30. f4 Nd6 31. Kf3 Nc4 32. Rxc4 1-0

[Event "Titled Tue 17th Jun Early"]
[Site "chess.com INT"]
[Date "2025.06.17"]
[Round "7"]
[White "Tilak, Sharad S"]
[Black "Shymanskyi, Oleksandr"]
[Result "0-1"]
[WhiteTitle "IM"]
[BlackTitle "FM"]
[WhiteElo "2191"]
[BlackElo "2218"]
[WhiteFideId "5000165"]
[BlackFideId "14168880"]
[EventDate "2025.06.17"]

1. e4 c6 2. c4 d5 3. cxd5 cxd5 4. exd5 Nf6 5. Nc3 Nxd5 6. Nf3 g6 7. Bc4 Nb6 8.
Bb3 Bg7 9. h4 h5 10. Ng5 O-O 11. Qf3 Bf6 12. d4 Bg4 13. Qxb7 Bxd4 14. Bf4 N8d7
15. Nce4 e5 16. Bd2 Nc5 17. Nxc5 Bxf2+ 18. Kf1 Qxd2 19. Qa6 Bxc5 20. Ne4 Qf4+ 0-1

[Event "Titled Tue 17th Jun Early"]
[Site "chess.com INT"]
[Date "2025.06.17"]
[Round "7"]
[White "Herrera Ortiz, Miguel"]
[Black "Sarveshwaran V"]
[Result "0-1"]
[WhiteTitle "IM"]
[BlackTitle "CM"]
[WhiteElo "2174"]
[BlackElo "2290"]
[WhiteFideId "5100550"]
[BlackFideId "25699016"]
[EventDate "2025.06.17"]

1. e4 e6 2. d4 d5 3. e5 c5 4. c3 Nc6 5. Nf3 Nge7 6. dxc5 Ng6 7. b4 Ncxe5 8. Nxe5
Nxe5 9. Be2 Be7 10. O-O O-O 11. Nd2 Ng6 12. c4 d4 13. Nb3 e5 14. Bf3 Be6 15. Qd3
Qd7 16. Na5 f5 17. Bxb7 e4 18. Qb3 Rab8 19. Bd5 Bxc5 20. a3 Kh8 21. Bb2 Bxd5 22.
cxd5 f4 23. Rfe1 f3 24. Rxe4 fxg2 25. Qg3 Qxd5 26. Rae1 Bb6 27. Ba1 d3 28. Re7
Bxf2+ 29. Qxf2 Rxf2 30. Bxg7+ Kg8 31. Kxf2 Nxe7 32. Rxe7 d2 0-1

[Event "Titled Tue 17th Jun Early"]
[Site "chess.com INT"]
[Date "2025.06.17"]
[Round "7"]
[White "Pranesh, M"]
[Black "Gholami Orimi, Mahdi"]
[Result "1/2-1/2"]
[WhiteTitle "GM"]
[BlackTitle "GM"]
[WhiteElo "2580"]
[BlackElo "2511"]
[WhiteFideId "35028600"]
[BlackFideId "12558486"]
[EventDate "2025.06.17"]

1. Nf3 Nf6 2. g3 b5 3. Bg2 Bb7 4. O-O e6 5. d4 c5 6. a4 b4 7. c4 cxd4 8. Nxd4
Bxg2 9. Kxg2 Be7 10. Qd3 O-O 11. Nd2 Na6 12. N2b3 Qc7 13. Be3 Nc5 14. Nxc5 Bxc5
15. Rac1 d6 16. b3 a6 17. Rfd1 h6 18. Nf3 Rad8 19. Rd2 Qc6 20. Bxc5 dxc5 21.
Qxd8 Rxd8 22. Rxd8+ Kh7 23. Rd3 g5 24. Kg1 Kg7 25. Rcd1 Qe4 26. Re3 Qc2 27. Rdd3
Ng4 28. Re4 Nf6 29. Re5 Ng4 30. Re4 Nf6 31. Ree3 Ng4 32. Re4 1/2-1/2

[Event "Titled Tue 17th Jun Early"]
[Site "chess.com INT"]
[Date "2025.06.17"]
[Round "7"]
[White "Cahaya, Satria Duta"]
[Black "Drozdowski, Kacper"]
[Result "0-1"]
[WhiteTitle "FM"]
[BlackTitle "IM"]
[WhiteElo "2386"]
[BlackElo "2450"]
[WhiteFideId "7124252"]
[BlackFideId "1136720"]
[EventDate "2025.06.17"]

1. e4 Nf6 2. e5 Nd5 3. d4 d6 4. c4 Nb6 5. exd6 exd6 6. Nc3 Be7 7. h3 O-O 8. Nf3
Nc6 9. Bd3 Bf6 10. O-O Re8 11. Bf4 g6 12. Ne4 Bg7 13. Re1 Bf5 14. Bg5 Qd7 15. b3
Bxe4 16. Bxe4 d5 17. cxd5 Nxd5 18. Qd2 Nf6 19. Bxc6 Qxc6 20. Ne5 Qd5 21. Rac1
Ne4 22. Qf4 Nxg5 23. Rxc7 f6 24. h4 Ne6 25. Rxg7+ Kxg7 0-1

[Event "Titled Tue 17th Jun Early"]
[Site "chess.com INT"]
[Date "2025.06.17"]
[Round "7"]
[White "Nazin, Roman"]
[Black "Tovmasian, Vardges"]
[Result "1-0"]
[WhiteTitle "CM"]
[BlackTitle "IM"]
[WhiteElo "2250"]
[BlackElo "2352"]
[WhiteFideId "4137167"]
[BlackFideId "13302736"]
[EventDate "2025.06.17"]

1. d4 Nf6 2. Nf3 c5 3. e3 cxd4 4. exd4 d5 5. c4 Nc6 6. Nc3 Bg4 7. cxd5 Nxd5 8.
Be2 e6 9. O-O Be7 10. h3 Bh5 11. Be3 O-O 12. Rc1 Rb8 13. a3 Rc8 14. Re1 Nxc3 15.
Rxc3 Bf6 16. Rd3 Ne7 17. Ne5 Bxe2 18. Qxe2 Nd5 19. Ng4 Qb6 20. Nxf6+ Nxf6 21. d5
Qa6 22. dxe6 fxe6 23. Bd4 Rce8 24. Re3 Qxe2 25. R1xe2 Kf7 26. Bxa7 Nd7 27. Bd4
Re7 28. Rc3 e5 29. Be3 Nf6 30. Bc5 Nd5 31. Rf3+ 1-0

[Event "Titled Tue 17th Jun Early"]
[Site "chess.com INT"]
[Date "2025.06.17"]
[Round "7"]
[White "Maximov, Dmitry"]
[Black "Bold, Andre"]
[Result "1-0"]
[WhiteTitle "GM"]
[BlackTitle "CM"]
[WhiteElo "2476"]
[BlackElo "2235"]
[WhiteFideId "14105659"]
[BlackFideId "16208471"]
[EventDate "2025.06.17"]

1. e4 c5 2. Nf3 Nc6 3. Bb5 Nf6 4. Bxc6 bxc6 5. e5 Nd5 6. O-O g6 7. c4 Nc7 8. d4
cxd4 9. Qxd4 Bg7 10. Qh4 Ne6 11. Bh6 Qb6 12. Nc3 Qxb2 13. Bxg7 Nxg7 14. Ne4 Qa3
15. c5 Ba6 16. Rfe1 Nf5 17. Qf4 Bd3 18. Nd6+ exd6 19. exd6+ Kd8 20. Ne5 Kc8 21.
g4 f6 22. Nf3 Qxc5 23. gxf5 Qxf5 24. Qe3 Bc4 25. Rab1 Be6 26. Nd4 Qg4+ 27. Kh1
Re8 28. f3 Qh3 29. Nb5 Rb8 30. Nxa7+ 1-0

[Event "Titled Tue 17th Jun Early"]
[Site "chess.com INT"]
[Date "2025.06.17"]
[Round "7"]
[White "Swara Lakshmi S Nair"]
[Black "Vlassov, Nikolai"]
[Result "0-1"]
[WhiteTitle "WCM"]
[BlackTitle "IM"]
[WhiteElo "2187"]
[BlackElo "2291"]
[WhiteFideId "25629239"]
[BlackFideId "4103360"]
[EventDate "2025.06.17"]

1. e4 Nc6 2. d4 d5 3. Nf3 dxe4 4. Ng5 Qxd4 5. Nc3 Qxd1+ 6. Kxd1 Bg4+ 7. Be2
O-O-O+ 8. Bd2 Bxe2+ 9. Kxe2 Nh6 10. Ngxe4 Nd4+ 11. Kd1 e5 12. Bxh6 gxh6 13. Kc1
f5 14. Nd2 h5 15. Nb3 Bh6+ 16. Kb1 Rhe8 17. Re1 e4 18. a4 Nxb3 19. cxb3 Rd2 20.
Re2 Red8 21. Ka2 Bg7 22. Rxd2 Rxd2 23. Nd1 Bd4 24. Rc1 Bxf2 25. Nc3 Bd4 26. Nb5
c6 27. Nd6+ Kd7 28. Nxf5 Bxb2 29. Rc4 Bd4+ 30. Kb1 c5 31. b4 b6 32. bxc5 bxc5
33. Ng3 e3 34. Nxh5 e2 0-1

[Event "Titled Tue 17th Jun Early"]
[Site "chess.com INT"]
[Date "2025.06.17"]
[Round "7"]
[White "Moreira, Ronaldo Alonso"]
[Black "Wahedi, Ahmad Siar"]
[Result "0-1"]
[BlackTitle "FM"]
[WhiteElo "2094"]
[BlackElo "2239"]
[WhiteFideId "2110547"]
[BlackFideId "4651260"]
[EventDate "2025.06.17"]

1. d4 e6 2. c4 Nf6 3. Nc3 Bb4 4. Bd2 b6 5. e3 Bb7 6. Nf3 O-O 7. Bd3 c5 8. a3 Ba5
9. O-O Nc6 10. dxc5 bxc5 11. Na4 d6 12. Rb1 Bxd2 13. Qxd2 Ne7 14. b4 Bxf3 15.
gxf3 cxb4 16. axb4 Qc7 17. c5 dxc5 18. bxc5 Qc6 19. Bb5 Qxf3 20. Qe2 Qf5 21. Bd3
Qg5+ 22. Kh1 Rfd8 23. e4 Ng6 24. Rg1 Qh4 25. c6 Nf4 0-1

[Event "Titled Tue 17th Jun Early"]
[Site "chess.com INT"]
[Date "2025.06.17"]
[Round "7"]
[White "Nezamyatin, Ruslan"]
[Black "Yonal, Timur"]
[Result "0-1"]
[WhiteTitle "CM"]
[BlackTitle "FM"]
[WhiteElo "2070"]
[BlackElo "2170"]
[WhiteFideId "24153451"]
[BlackFideId "44115725"]
[EventDate "2025.06.17"]

1. d4 Nf6 2. c4 e6 3. Nf3 d5 4. Nc3 dxc4 5. e3 c5 6. Bxc4 Nc6 7. O-O a6 8. a4
cxd4 9. exd4 Nb4 10. Qe2 Be7 11. Rd1 O-O 12. Ne5 Bd7 13. Be3 Bc6 14. Rac1 Bd5
15. Nxd5 Nbxd5 16. Bd3 Qb6 17. Bg5 Rac8 18. Qf3 Rxc1 19. Rxc1 Qxd4 20. Re1 Qxb2
21. Qh3 Qc3 22. Bxf6 Qxe1+ 23. Bf1 Bxf6 24. Nd7 Rc8 25. g4 h6 26. Qb3 Rc1 27.
Nxf6+ gxf6 28. Qd3 Nf4 29. Qd8+ Kg7 0-1